|
|
|
|
| LEADER |
01204nam a2200241 u 4500 |
| 001 |
10047628 |
| 003 |
GR-PaULI |
| 005 |
20210117210555.0 |
| 008 |
030715s1986 ja eng |
| 040 |
|
|
|a GR-PaULI
|c GR-PaULI
|b gre
|e AACR2
|
| 041 |
0 |
|
|a
|
| 082 |
0 |
4 |
|a 621.312 45
|2 23
|
| 111 |
|
|
|9 167431
|a International Conference on Magnetohydrodynamic Electrical Power Generation
|c Tsukuba, Ibaraki, Japan)
|d 1986 :
|
| 245 |
1 |
0 |
|a MHD 1986 :
|b Ninth International Conference on Magnetohydrodynamic Electrical Power Generation, Tsukuba, Ibaraki, Japan, November 17-21, 1986 /
|c Society for MHD Electrical Power Generation of Japan.
|
| 260 |
|
|
|a Yokohama :
|b Tokyo Institute of Technology,
|c 1986.
|
| 300 |
|
|
|a 6 τ. :
|b εικ. ;
|c 30 εκ.
|
| 500 |
|
|
|a τ. 5. - xxv, 1725-2032 σ.
|
| 650 |
|
4 |
|9 41351
|a Μαγνητοϋδροδυναμική
|
| 710 |
2 |
|
|9 167432
|a Society for MHD Electrical Power Generation of Japan.
|
| 942 |
|
|
|2 ddc
|c BK15
|
| 952 |
|
|
|0 0
|1 0
|2 ddc
|3 τ.5
|4 0
|6 621_312000000000000_45_INT
|7 0
|9 220195
|a LISP
|b LISP
|c BSC
|d 2018-02-23
|e Βιβλιοθήκη Μαθηματικού.
|i 09664
|l 0
|o 621.312 45 INT
|p 025000044882
|r 2018-02-23 00:00:00
|t 1
|y BK15
|
| 998 |
|
|
|c ΜΠΟΥΡΑΣ
|d 2018-02
|
| 999 |
|
|
|c 24453
|d 24453
|